Ιστορία ΣΤ' δημοτικού : στα νεότερα και σύγχρονα χρόνια : τετράδιο εργασιών

Αποθηκεύτηκε σε:
Λεπτομέρειες βιβλιογραφικής εγγραφής
Συγγραφή απο Οργανισμό/Αρχή: Παιδαγωγικό Ινστιτούτο
Άλλοι συγγραφείς: Ρεπούση, Μαρία, 1954-
Μορφή: Βιβλίο
Γλώσσα:Greek
Δημοσίευση: Αθήνα : Οργανισμός Εκδόσεως Διδακτικών Βιβλίων, [2006]
Θέματα:
Ετικέτες: Προσθήκη ετικέτας
Δεν υπάρχουν, Καταχωρήστε ετικέτα πρώτοι!

MARC

LEADER 00000cam a2200000 i 4500
001 1/35932
008 061023s2006 gr | ||| |||| ||gre||
020 |a 9600618224 
035 |l 10085686 
040 |a GR-MY-UA  |b gre  |e aacr 
041 0 |a gre 
082 0 |a 372.89495  |2 (22) 
245 0 0 |a Ιστορία ΣΤ' δημοτικού :  |b στα νεότερα και σύγχρονα χρόνια : τετράδιο εργασιών /  |c Μαρία Ρεπούση...[κ.ά.] ; Υπουργείο Εθνικής Παιδείας και Θρησκευμάτων. Παιδαγωγικό Ινστιτούτο 
260 |a Αθήνα :   |b Οργανισμός Εκδόσεως Διδακτικών Βιβλίων,   |c [2006] 
300 |a 54 σ.;  |c 28 εκ. 
500 |a Το τεκμήριο φέρει το ίδιο ISBN με το: "Ιστορία Ε' δημοτικού στα Βυζαντινά χρόνια, τετράδιο εργασιών" 
650 0 0 |a History  |x Study and teaching (Elementary)  |z Greece. 
700 1 |a Ρεπούση, Μαρία,   |d 1954- 
710 2 |a Παιδαγωγικό Ινστιτούτο. 
852 |a INST  |b RHODES  |e 20061023  |h 372.89495 ΙΣΤ  |p 005400024102  |q 005400024102  |t BK  |y 0 
852 |a INST  |b RHODES  |e 20061023  |h 372.89495 ΙΣΤ  |p 005400024103  |q 005400024103  |t BK  |y 0 
852 |a INST  |b RHODES  |e 20080206  |h 372.89495 ΙΣΤ  |p 005400030053  |q 005400030053  |t BK  |y 0 
852 |a INST  |b RHODES  |e 20080206  |h 372.89495 ΙΣΤ  |p 005400030054  |q 005400030054  |t BK  |y 0 
852 |a INST  |b RHODES  |e 20080206  |h 372.89495 ΙΣΤ  |p 005400030055  |q 005400030055  |t BK  |y 0 
852 |a INST  |b RHODES  |e 20080206  |h 372.89495 ΙΣΤ  |p 005400030056  |q 005400030056  |t BK  |y 0 
901 |a BIBL4-2006-3 
909 |a Ρ  |b 127010 
909 |a Ρ  |b 127009 
909 |a Ρ  |b 128359 
909 |a Ρ  |b 128356 
909 |a Ρ  |b 128355 
909 |a Ρ  |b 128358 
970 |a ΚΟΖΑ  |b ΜΑΡΙΑ  |z 2006/10/23